Medicines : the comprehensive guide

Bibliographic Details
Format: Book
Published: London : Bloomsbury Publishing , 1996
Edition:3rd ed
Subjects:

MARC

LEADER 00000cam a2200000 7i4500
001 0000014782
002 000016181
005 20000330.0
020 |a 0752516620 
090 0 0 |a 615   |b MED 
245 0 0 |a Medicines :   |b the comprehensive guide 
250 |a 3rd ed 
260 |a London :   |b Bloomsbury Publishing ,   |c 1996 
300 |a 603p. ;   |c 20cm. 
650 0 0 |a Medicine   |x Handbooks, manual, etc 
999 |a 059014   |b BUKU   |c PINJAMAN   |e PERPUSTAKAAN KOMUNITI PETALING JAYA 
999 |a 059015   |b BUKU   |c PINJAMAN   |e PERPUSTAKAAN KOMUNITI PETALING JAYA